Wessex estimating price book SMM7 (Record no. 107629)
[ view plain ]
| 000 -LEADER | |
|---|---|
| fixed length control field | 00874cam a22002295a 4500 |
| 001 - CONTROL NUMBER | |
| control field | E141303 |
| 008 - FIXED-LENGTH DATA ELEMENTS--GENERAL INFORMATION | |
| fixed length control field | 070215s2007 xxk f 000 0 eng u |
| 020 ## - INTERNATIONAL STANDARD BOOK NUMBER | |
| International Standard Book Number | 9781904829607 |
| 035 ## - SYSTEM CONTROL NUMBER | |
| System control number | (Sirsi) u141303 |
| 041 0# - LANGUAGE CODE | |
| Language code of text/sound track or separate title | eng |
| 050 04 - LIBRARY OF CONGRESS CALL NUMBER | |
| Classification number | 692.5 $2 18 |
| 245 00 - TITLE STATEMENT | |
| Title | Wessex estimating price book SMM7 |
| Remainder of title | 2008 |
| 250 ## - EDITION STATEMENT | |
| Edition statement | 13th ed. |
| 260 ## - PUBLICATION, DISTRIBUTION, ETC. | |
| Place of publication, distribution, etc. | London |
| Name of publisher, distributor, etc. | BCIS |
| Date of publication, distribution, etc. | 2007 |
| 520 ## - SUMMARY, ETC. | |
| Summary, etc. | Guide to the current (net cost) unit prices for building work. GIves unit rates compiled from over 500 000 price elements. Includes labour constants, an approximate estimating section, professional information and BCIS square metre rates. |
| 520 ## - SUMMARY, ETC. | |
| Summary, etc. | Superseded by 14th ed. (ISBN 9781904829829) |
| 650 24 - SUBJECT ADDED ENTRY--TOPICAL TERM | |
| Topical term or geographic name entry element | STANDARD METHOD OF MEASUREMENT (SEVENTH EDITION) |
| 651 #4 - SUBJECT ADDED ENTRY--GEOGRAPHIC NAME | |
| Geographic name | United Kingdom |
| Chronological subdivision | |
| 690 ## - LOCAL SUBJECT ADDED ENTRY--TOPICAL TERM (OCLC, RLIN) | |
| Topical term or geographic name as entry element | BUILT ENVIRONMENT-BUILDING COSTS |
| 700 1# - ADDED ENTRY--PERSONAL NAME | |
| Personal name | Barnett, N.P. |
| Relator term | Editor |
| 942 ## - ADDED ENTRY ELEMENTS (KOHA) | |
| Suppress in OPAC | 0 |
| Withdrawn status | Lost status | Source of classification or shelving scheme | Damaged status | Not for loan | Home library | Current library | Shelving location | Date acquired | Total Checkouts | Full call number | Barcode | Date last seen | Copy number | Price effective from | Koha item type | Date last checked out |
|---|---|---|---|---|---|---|---|---|---|---|---|---|---|---|---|---|
| Dewey Decimal Classification | London | London | RICS Boxes | 05/12/2007 | BASEMENT | 30074521 | 06/08/2019 | 2 | 06/08/2019 | Reference material | ||||||
| Dewey Decimal Classification | London | London | Basement | 05/12/2007 | 11 | BASEMENT | 30074517 | 06/08/2019 | 3 | 06/08/2019 | Book | 19/05/2009 | ||||
| Dewey Decimal Classification | London | London | RICS Boxes | 05/12/2007 | 6 | BASEMENT | 30074513 | 06/08/2019 | 4 | 06/08/2019 | Book | 30/06/2008 | ||||
| Dewey Decimal Classification | London | London | RICS Boxes | 14/02/2008 | RICS 2007/58 | 30074525 | 06/08/2019 | 1 | 06/08/2019 | Archive |